Top 100 Cities in the World - Statistics

General Stats
  • This quiz has been taken 57 times
  • The average score is 64 of 100
Answer Stats
# City % Correct
1. London
94%
4. Moscow
94%
2. Paris
94%
3. New York
91%
6. Tokyo
91%
20. Berlin
89%
10. Madrid
89%
9. Barcelona
87%
25. Beijing
87%
13. Chicago
85%
27. Milan
85%
11. Rome
85%
8. Los Angeles
83%
92. Mexico City
83%
74. Oslo
83%
65. Rio de Janeiro
83%
19. Sydney
83%
33. Dublin
81%
51. Lisbon
81%
34. Miami
81%
15. San Francisco
81%
17. St Petersburg
81%
18. Toronto
81%
24. Vienna
81%
16. Amsterdam
79%
82. Stockholm
79%
70. Athens
77%
63. Buenos Aires
77%
23. Istanbul
77%
30. Melbourne
77%
39. Munich
77%
75. Shanghai
77%
46. Vancouver
77%
31. Boston
74%
60. Brussels
74%
50. Delhi
74%
38. São Paulo
74%
36. Seattle
74%
5. Dubai
72%
48. Montreal
72%
94. Mumbai
72%
69. Warsaw
72%
22. Washington
72%
37. Budapest
70%
53. Osaka
70%
83. Santiago
70%
42. Seoul
70%
7. Singapore
70%
87. Lyon
68%
52. Naples
68%
43. Atlanta
66%
40. Bangkok
66%
59. Copenhagen
66%
56. Denver
66%
45. Frankfurt
66%
67. Hamburg
66%
72. Helsinki
66%
29. Hong Kong
66%
32. Houston
66%
21. Las Vegas
66%
57. Philadelphia
66%
26. Prague
66%
88. Marseille
64%
44. Dallas
62%
71. Perth
62%
35. Zurich
62%
84. Ottawa
60%
64. Taipei
57%
77. Auckland
55%
28. San Diego
55%
58. Tel Aviv
55%
76. Phoenix
53%
62. Valencia
53%
47. Austin
51%
49. Calgary
51%
79. Jerusalem
51%
41. Orlando
51%
61. Brisbane
49%
55. Riyadh
49%
14. Abu Dhabi
47%
98. Seville
47%
89. Adelaide
45%
86. Edmonton
43%
66. Portland
43%
12. Doha
40%
73. Minneapolis
40%
78. New Orleans
40%
54. San Jose
38%
85. Baltimore
36%
96. San Antonio
36%
81. Nashville
34%
99. Charlotte
30%
90. Gothenburg
28%
68. Kuwait City
28%
95. Sacramento
28%
91. Bilbao
26%
93. Salt Lake City
23%
80. Muscat
15%
100. Nanjing
15%
97. Tucson
13%
No matching quizzes found
Score Distribution
Percent of People with Each Score
Percentile by Number Answered
Your Score History
You have not taken this quiz